[Event "zonal 1.1 play-off group I"]
[Site "Mondariz ESP"]
[Date "2000.09.15"]
[Round "1"]
[White "Dorfman, Iossif"]
[Black "Reinderman, Dimitri"]
[Result "1/2-1/2"]
[WhiteElo "2600"]
[BlackElo "2551"]
[EventDate "2000.09.15"]
[PlyCount "38"]

1.d4 Nf6 2.c4 g6 3.g3 c5 4.Nf3 cxd4 5.Nxd4 Bg7 6.Bg2 O-O 7.Nc3 Nc6 8.O-O 
d6 9.Nxc6 bxc6 10.Bxc6 Rb8 11.Bg2 Qa5 12.Nb5 Bb7 13.Bxb7 Rxb7 14.Bd2 Qa6 
15.Bc3 Rc8 16.b3 d5 17.Bxf6 Bxf6 18.Qxd5 Bxa1 19.Rxa1 Rbb8 1/2-1/2

[Event "zonal 1.1 play-off group I"]
[Site "Mondariz ESP"]
[Date "2000.09.15"]
[Round "1"]
[White "Godena, Michele"]
[Black "Comas Fabrego, Luis"]
[Result "1-0"]
[WhiteElo "2485"]
[BlackElo "2516"]
[EventDate "2000.09.15"]
[PlyCount "71"]

1.e4 d5 2.exd5 Nf6 3.Nf3 Nxd5 4.d4 g6 5.Be2 Bg7 6.O-O O-O 7.Re1 c5 8.dxc5 
Na6 9.Bc4 e6 10.Bg5 Qa5 11.c3 h6 12.Bh4 g5 13.Bg3 Rd8 14.Nbd2 Qxc5 15.Be5 
b5 16.Bxg7 Kxg7 17.Bf1 Qb6 18.Nd4 Nac7 19.h4 f6 20.Bd3 Nf4 21.Be4 Bb7 22.
g3 Nh3+ 23.Kg2 Nxf2 24.Kxf2 Bxe4 25.Rxe4 e5 26.Nb3 Re8 27.hxg5 hxg5 28.Qg4
exd4 29.Qd7+ Kg6 30.Rh1 dxc3+ 31.Nd4 Rh8 32.Qf5+ Kg7 33.Re7+ Kf8 34.Rxh8+ 
Kxe7 35.Rh7+ Kf8 36.Qd7 1-0

[Event "zonal 1.1 play-off group I"]
[Site "Mondariz ESP"]
[Date "2000.09.15"]
[Round "3"]
[White "Comas Fabrego, Luis"]
[Black "Reinderman, Dimitri"]
[Result "1-0"]
[WhiteElo "2516"]
[BlackElo "2551"]
[EventDate "2000.09.15"]
[PlyCount "81"]

1.d4 g6 2.Nf3 Nf6 3.g3 Bg7 4.Bg2 O-O 5.O-O c5 6.c3 Na6 7.Re1 d5 8.Bf4 Be6 
9.Be5 h6 10.Nbd2 Qc8 11.Rc1 Rd8 12.a3 c4 13.e4 dxe4 14.Bxf6 Bxf6 15.Nxe4 
Bg7 16.Qe2 Bd5 17.Rcd1 Nc7 18.Ne5 Ne8 19.f4 Qc7 20.Nd2 Bxg2 21.Kxg2 b5 22.
Qf3 Rac8 23.h4 h5 24.f5 Bxe5 25.Rxe5 Nf6 26.Rxb5 Rd7 27.Rc5 Qb8 28.Rxc8+ 
Qxc8 29.fxg6 fxg6 30.Ne4 Qb7 31.Re1 Qxb2+ 32.Re2 Qb6 33.Nc5 Rc7 34.Qa8+ 
Kf7 35.Ne6 Qxe6 36.Rxe6 Kxe6 37.Qb8 Kd7 38.Qb5+ Kd6 39.Qe5+ Kd7 40.d5 Ke8 
41.Qxc7 1-0

[Event "zonal 1.1 play-off group I"]
[Site "Mondariz ESP"]
[Date "2000.09.15"]
[Round "3"]
[White "Godena, Michele"]
[Black "Parker, Jonathan"]
[Result "1/2-1/2"]
[WhiteElo "2485"]
[BlackElo "2539"]
[EventDate "2000.09.15"]
[PlyCount "90"]

1.e4 e5 2.Nf3 Nc6 3.Bb5 Nf6 4.d3 d6 5.c3 g6 6.O-O Bg7 7.Nbd2 O-O 8.Re1 Qe7
9.d4 Nd8 10.Nf1 c6 11.Bd3 Nh5 12.Ng3 Nxg3 13.hxg3 Bg4 14.dxe5 dxe5 15.Qc2 
h5 16.a4 Re8 17.Bc4 Be6 18.Bxe6 Nxe6 19.Be3 Qc7 20.a5 Bf8 21.b4 c5 22.Qb3 
c4 23.Qa4 Red8 24.Red1 Rd3 25.Qc2 Qd6 26.Ne1 Rxd1 27.Rxd1 Qc6 28.Nf3 f6 
29.Qa2 Qxe4 30.Nd2 Qd5 31.Qxc4 Qxc4 32.Nxc4 Rc8 33.Nd2 a6 34.Nb1 Rd8 35.
Rxd8 Nxd8 36.Kf1 Kf7 37.Ke2 Ke6 38.Kd3 Nc6 39.Nd2 f5 40.f3 Be7 41.Nb3 g5 
42.Bc5 Bd8 43.Bf2 Be7 44.Bc5 Bd8 45.Bf2 Be7 1/2-1/2

[Event "zonal 1.1 play-off group I"]
[Site "Mondariz ESP"]
[Date "2000.09.15"]
[Round "4"]
[White "Dorfman, Iossif"]
[Black "Godena, Michele"]
[Result "1-0"]
[WhiteElo "2600"]
[BlackElo "2485"]
[EventDate "2000.09.15"]
[PlyCount "97"]

1.Nf3 d5 2.d3 g6 3.Nbd2 Bg7 4.e4 e5 5.exd5 Qxd5 6.g3 Nc6 7.Bg2 Nge7 8.O-O 
f6 9.Re1 Qf7 10.a4 O-O 11.a5 Rb8 12.Ne4 Rd8 13.Qe2 b6 14.axb6 axb6 15.c3 
Bb7 16.h4 h5 17.Be3 Nf5 18.Qc2 Ra8 19.Rad1 Rd7 20.d4 exd4 21.Nxd4 Ncxd4 
22.Bxd4 Nxd4 23.cxd4 Rad8 24.Nxf6+ Bxf6 25.Bxb7 Bxd4 26.Kg2 c5 27.Ba6 Kg7 
28.Bc4 Qf5 29.Qe2 Qf6 30.Rd2 Rf8 31.Qe4 Rc7 32.Ree2 Kh8 33.Qd5 Re7 34.Rxe7
Qxe7 35.Re2 Qf6 36.b3 Qf5 37.Qxf5 Rxf5 38.f4 Rf6 39.Re7 Rd6 40.Kf3 Bf6 41.
Rf7 Bc3 42.Rb7 Rf6 43.Bd5 Rd6 44.Ke4 Be1 45.Ke5 Rd8 46.Rxb6 Kg7 47.Be4 
Bc3+ 48.Ke6 Bf6 49.Rb7+ 1-0

[Event "zonal 1.1 play-off group I"]
[Site "Mondariz ESP"]
[Date "2000.09.15"]
[Round "4"]
[White "Parker, Jonathan"]
[Black "Comas Fabrego, Luis"]
[Result "1/2-1/2"]
[WhiteElo "2539"]
[BlackElo "2516"]
[EventDate "2000.09.15"]
[PlyCount "152"]

1.d4 Nf6 2.c4 g6 3.Nc3 Bg7 4.e4 d6 5.Be2 O-O 6.Be3 Na6 7.Nf3 e5 8.d5 Ng4 
9.Bg5 f6 10.Bh4 c5 11.Nd2 Nh6 12.g4 Nf7 13.a3 Bh6 14.Qc2 Bf4 15.O-O-O Nc7 
16.Kb1 Bd7 17.f3 a6 18.Bd3 b5 19.Bf2 Ng5 20.Be2 Nh3 21.Bg3 Be3 22.Rhe1 Bh6
23.Bf1 Nf4 24.h4 Rb8 25.cxb5 Nxb5 26.Nxb5 axb5 27.b4 c4 28.Kb2 f5 29.g5 
Bg7 30.Nb1 fxe4 31.fxe4 Ra8 32.Nc3 Qb6 33.Rd2 Ra6 34.Bf2 Qc7 35.Be3 Raa8 
36.Ra1 Qb7 37.Rf2 Rf7 38.Qd2 Raf8 39.Kc2 Ra8 40.Kb2 h6 41.gxh6 Bxh6 42.Rh2
Kh7 43.Rh1 Raf8 44.Rg1 Be8 45.Rh1 Qc8 46.Ka2 Rb7 47.Rb1 Qc7 48.Rg1 Qg7 49.
a4 bxa4 50.Bxc4 Nh3 51.Rgf1 Bxe3 52.Qxe3 Nf4 53.Ba6 Rb8 54.b5 Qc7 55.b6 
Qd8 56.b7 Qa5 57.Bc4 Rf7 58.Rfc1 Rfxb7 59.Rxb7+ Rxb7 60.Rb1 Rxb1 61.Nxb1 
Bb5 62.Na3 Bxc4+ 63.Nxc4 Qb4 64.Na3 Kh6 65.Nb1 Kh5 66.Qg3 Qb3+ 67.Qxb3 
axb3+ 68.Kxb3 Kxh4 69.Nc3 g5 70.Nb5 g4 71.Nxd6 g3 72.Nf5+ Kg4 73.d6 Ne6 
74.Kc4 g2 75.Ne3+ Kf4 76.Nxg2+ Kxe4 1/2-1/2

[Event "zonal 1.1 play-off group II"]
[Site "Mondariz ESP"]
[Date "2000.09.15"]
[Round "1"]
[White "De la Riva Aguado, Oscar"]
[Black "Tiviakov, Sergei"]
[Result "0-1"]
[WhiteElo "2462"]
[BlackElo "2608"]
[EventDate "2000.09.15"]
[PlyCount "64"]

1.e4 c5 2.Nf3 Nc6 3.Bb5 d6 4.O-O Bg4 5.c3 Qb6 6.Na3 Nf6 7.d4 O-O-O 8.d5 
Ne5 9.Be2 Bxf3 10.Bxf3 Rg8 11.b4 g5 12.g3 g4 13.Bg2 Nfd7 14.Be3 Qa6 15.Qc1
cxb4 16.cxb4+ Kb8 17.Bd4 Rc8 18.Qe3 Bg7 19.Rfd1 Qa4 20.Rab1 Rc7 21.Rb3 
Rgc8 22.h4 Nb6 23.Kh1 Nbc4 24.Nxc4 Nxc4 25.Qd3 Bxd4 26.Qxd4 Ne5 27.Rd2 Rc2
28.Rxc2 Rxc2 29.Qe3 Rxa2 30.Rc3 Qd1+ 31.Kh2 Ra1 32.f4 gxf3 0-1

[Event "zonal 1.1 play-off group II"]
[Site "Mondariz ESP"]
[Date "2000.09.15"]
[Round "1"]
[White "Emms, John"]
[Black "Miles, Anthony John"]
[Result "1-0"]
[WhiteElo "2527"]
[BlackElo "2584"]
[EventDate "2000.09.15"]
[PlyCount "51"]

1.e4 Nc6 2.Nf3 e5 3.Bc4 Bc5 4.c3 Nf6 5.d3 a6 6.Nbd2 Ba7 7.Bb3 O-O 8.Nc4 d6
9.Bg5 Ne7 10.O-O Ng6 11.Nh4 Kh8 12.Qc1 Be6 13.Kh1 Qd7 14.Bxf6 gxf6 15.Qh6 
Rg8 16.f4 Nxf4 17.Qxf6+ Rg7 18.d4 Qd8 19.Qxd8+ Rxd8 20.Rad1 Rdg8 21.g3 Bh3
22.gxf4 Rg4 23.fxe5 Bxf1 24.Rxf1 Rxh4 25.exd6 Rxe4 26.Ne5 1-0

[Event "zonal 1.1 play-off group II"]
[Site "Mondariz ESP"]
[Date "2000.09.15"]
[Round "3"]
[White "Tiviakov, Sergei"]
[Black "Miles, Anthony John"]
[Result "1/2-1/2"]
[WhiteElo "2608"]
[BlackElo "2584"]
[EventDate "2000.09.15"]
[PlyCount "66"]

1.e4 Nc6 2.Nf3 d6 3.d4 Nf6 4.Nc3 Bg4 5.Be2 e6 6.Be3 Be7 7.O-O O-O 8.h3 Bh5
9.Nd2 Bg6 10.f4 h6 11.Bf3 e5 12.dxe5 dxe5 13.f5 Bh7 14.Nb3 Qxd1 15.Rfxd1 
Rfd8 16.g4 Kf8 17.Kf1 Bg8 18.a3 Ke8 19.Nb5 Rdc8 20.c4 Nd7 21.Nc3 a5 22.Nd5
Bf8 23.a4 Nb4 24.Nxb4 Bxb4 25.Nc1 f6 26.b3 Rd8 27.Nd3 Be7 28.h4 b6 29.Ke2 
Nc5 30.Nxc5 Bxc5 31.Bxc5 bxc5 32.Rxd8+ Rxd8 33.Rd1 Rd7 1/2-1/2

[Event "zonal 1.1 play-off group II"]
[Site "Mondariz ESP"]
[Date "2000.09.15"]
[Round "4"]
[White "Emms, John"]
[Black "De la Riva Aguado, Oscar"]
[Result "0-1"]
[WhiteElo "2527"]
[BlackElo "2462"]
[EventDate "2000.09.15"]
[PlyCount "94"]

1.e4 c5 2.Nf3 d6 3.d4 cxd4 4.Nxd4 Nf6 5.Nc3 Nc6 6.Bc4 Bd7 7.O-O g6 8.Re1 
Bg7 9.h3 O-O 10.Bb3 Nxd4 11.Qxd4 Bc6 12.Qd1 b5 13.Bg5 a5 14.a3 Rc8 15.Qd2 
Re8 16.Nd5 Bxd5 17.exd5 Nd7 18.c3 Bf6 19.h4 Qb6 20.Re2 b4 21.cxb4 axb4 22.
Ba4 Red8 23.Bxd7 Rxd7 24.Bxf6 exf6 25.axb4 h5 26.Rae1 Kg7 27.Re8 Rxe8 28.
Rxe8 Rc7 29.g3 Rc4 30.b3 Rxb4 31.Qe1 Rxb3 32.Kg2 Rb2 33.Re7 Qd4 34.Rxf7+ 
Kxf7 35.Qe6+ Kf8 36.Qxd6+ Ke8 37.Qe6+ Kd8 38.Qd6+ Kc8 39.Qc6+ Kb8 40.Qd6+ 
Kb7 41.Qd7+ Ka6 42.Qc6+ Ka5 43.Qc7+ Ka4 44.Qc6+ Kb3 45.Qb5+ Kc2 46.Qc6+ 
Kd1 47.Qa4+ Qxa4 0-1

[Event "zonal 1.1 play-off group II"]
[Site "Mondariz ESP"]
[Date "2000.09.15"]
[Round "5"]
[White "Miles, Anthony John"]
[Black "Bauer, Christian"]
[Result "1-0"]
[WhiteElo "2584"]
[BlackElo "2562"]
[EventDate "2000.09.15"]
[PlyCount "135"]

1.e3 Nf6 2.c4 e5 3.b3 d6 4.Bb2 g6 5.d4 exd4 6.Qxd4 Bg7 7.Nc3 Nc6 8.Qd2 O-O
9.g3 Nd7 10.Bg2 Nc5 11.Nge2 Ne5 12.O-O Bh3 13.Nf4 Bxg2 14.Kxg2 a5 15.Rad1 
a4 16.Qc2 axb3 17.axb3 c6 18.Nfe2 Qb6 19.Nc1 Rfd8 20.h3 f5 21.Rfe1 Qc7 22.
Nb1 Qe7 23.Bd4 Ne6 24.Bc3 Nc5 25.Nd2 d5 26.Bb4 b6 27.cxd5 cxd5 28.Nb1 Rac8
29.Qe2 Qb7 30.f3 h5 31.h4 Kh7 32.Bc3 Ne6 33.Bd4 Nxd4 34.exd4 Nc6 35.Qf2 
Re8 36.Rxe8 Rxe8 37.Nc3 f4 38.N1e2 fxg3 39.Qxg3 Qf7 40.Qd6 Re6 41.Qf4 Rf6 
42.Qe3 Bh6 43.Qf2 Ne7 44.Ng3 Rc6 45.Nb5 Nf5 46.Nxf5 Qxf5 47.Re1 Bf4 48.Na3
Rc3 49.Qe2 Be3 50.Qb2 Bxd4 51.Re7+ Kg8 52.Qe2 Rxb3 53.Nc2 Rb2 54.Rc7 Qe5 
55.Rc8+ Kh7 56.Qa6 Qf5 57.Rc7+ Bg7 58.Qe2 d4 59.Kg3 Rxc2 60.Qxc2 d3 61.Qc3
Qf8 62.Qxd3 Kh8 63.Kg2 Qf6 64.Qe4 Qb2+ 65.Kh3 Qf6 66.Rc6 Qf7 67.Rxg6 b5 
68.Rd6 1-0

[Event "zonal 1.1 play-off final"]
[Site "Mondariz ESP"]
[Date "2000.09.15"]
[Round "1"]
[White "Godena, Michele"]
[Black "Tiviakov, Sergei"]
[Result "1-0"]
[WhiteElo "2485"]
[BlackElo "2608"]
[EventDate "2000.09.15"]
[PlyCount "103"]

1.e4 c5 2.c3 d5 3.exd5 Qxd5 4.d4 e6 5.Nf3 Nf6 6.Na3 Qd8 7.Nc2 Nbd7 8.Bd3 
Qc7 9.Qe2 Be7 10.O-O O-O 11.Bg5 Re8 12.Ne3 b6 13.Rfe1 Bb7 14.Ba6 Bxa6 15.
Qxa6 Bf8 16.Rad1 Ne4 17.d5 Nxg5 18.Nxg5 exd5 19.Nxd5 Qd6 20.Qd3 Qg6 21.
Qxg6 hxg6 22.Kf1 Rxe1+ 23.Rxe1 f6 24.Ne7+ Bxe7 25.Rxe7 Nf8 26.Ne4 g5 27.g3
Ng6 28.Rb7 Re8 29.Nd6 Re7 30.Rxe7 Nxe7 31.Ke2 Nc6 32.Kd3 Kf8 33.Kc4 Ne5+ 
34.Kb5 Nd3 35.Ka6 Nxb2 36.Kxa7 Na4 37.c4 g4 38.Ka6 Ke7 39.Nc8+ Kd8 40.Nxb6
Nc3 41.a4 Kc7 42.a5 g5 43.Ka7 f5 44.a6 f4 45.Na8+ Kc8 46.Nb6+ Kc7 47.Na8+ 
Kc8 48.Kb6 Kb8 49.Nc7 Na4+ 50.Kb5 Nb2 51.Ne6 Nd3 52.Kb6 1-0

[Event "zonal 1.1 play-off final"]
[Site "Mondariz ESP"]
[Date "2000.09.15"]
[Round "2"]
[White "Tiviakov, Sergei"]
[Black "Godena, Michele"]
[Result "0-1"]
[WhiteElo "2608"]
[BlackElo "2485"]
[EventDate "2000.09.15"]
[PlyCount "70"]

1.e4 e5 2.Nf3 Nc6 3.Bb5 a6 4.Ba4 Nf6 5.Qe2 Bd6 6.c3 O-O 7.d3 Re8 8.h3 Bf8 
9.Nbd2 d5 10.Nf1 b5 11.Bc2 d4 12.a3 a5 13.g4 Rb8 14.Ng3 dxc3 15.bxc3 b4 
16.axb4 axb4 17.Ba4 Ra8 18.Bb2 Bb7 19.O-O Nd7 20.cxb4 Bxb4 21.Rfc1 Ra6 22.
Nf5 Bd6 23.Bb5 Rb6 24.Bc4 Nf8 25.d4 Ng6 26.d5 Nce7 27.Kh2 Nf4 28.Qd2 Nxf5 
29.gxf5 Bb4 30.Qc2 Rh6 31.Kg1 Nxh3+ 32.Kf1 Nf4 33.Qa4 Rh1+ 34.Ng1 Rxg1+ 
35.Kxg1 Qg5+ 0-1